[Event "CZE-chT2B 2223"]
[Site "Czech Republic"]
[Date "2023.02.05"]
[Round "8.2"]
[White "Toman, Ondrej"]
[Black "Vagner, Tomas"]
[Result "0-1"]
[WhiteElo "2299"]
[BlackElo "2199"]
[PlyCount "194"]
[EventDate "2022.10.16"]
[EventType "team-tourn"]
[EventRounds "11"]
[EventCountry "CZE"]
[SourceTitle "EXT 2024"]
[Source "ChessBase"]
[SourceDate "2023.10.10"]
[SourceVersion "1"]
[SourceVersionDate "2023.10.10"]
[SourceQuality "1"]
[WhiteTeam "Udlice"]
[BlackTeam "Kolesovice"]
[WhiteTeamCountry "CZE"]
[BlackTeamCountry "CZE"]

1. d4 d5 2. c4 e6 3. Nc3 Nf6 4. cxd5 exd5 5. Bg5 c6 6. e3 h6 7. Bh4 Bf5 8. Qf3 Bg6 9. Bxf6 Qxf6 10. Qxf6 gxf6 11. Nge2 Bd6 12. g3 Nd7 13. Nf4 Bxf4 14. gxf4 Nb6 15. Bh3 Nc4 16. b3 Nd6 17. Ne2 Ke7 18. Ng3 f5 19. Bf1 a5 20. a4 Ne4 21. Bd3 h5 22. f3 h4 23. Ne2 Nd6 24. Rg1 Bh5 25. Kf2 Rag8 26. Rab1 Ke6 27. Rbe1 b6 28. Rc1 Rxg1 29. Nxg1 Rc8 30. Ba6 Rc7 31. Ne2 c5 32. Nc3 cxd4 33. exd4 f6 34. Ne2 Rxc1 35. Nxc1 Be8 36. Nd3 Nf7 37. Ne1 Nd6 38. Nd3 Nf7 39. Nc1 Nd8 40. Ke3 Kd6 41. Bd3 Bd7 42. Ne2 Nc6 43. Nc3 Nb4 44. Bb1 Ke6 45. Nd1 b5 46. axb5 Bxb5 47. Kd2 Nc6 48. Kc3 Be2 49. Ne3 Bxf3 50. Nxf5 h3 51. Ne3 Ne7 52. Bd3 f5 53. Bf1 Bg4 54. Ba6 Bf3 55. Kd2 Be4 56. Nf1 Ng6 57. Ke3 Nh4 58. Kf2 Nf3 59. Ke3 Ne1 60. Nd2 Nc2+ 61. Kf2 Nxd4 62. Ke3 Nc2+ 63. Kf2 Na1 64. Bb5 Bc2 65. Ba4 d4 66. Kg3 Kd5 67. Kxh3 d3 68. Kg3 Kd4 69. h4 Kc3 70. h5 Kxd2 71. h6 Ke3 72. Bc6 Nxb3 73. h7 d2 74. Bf3 Nd4 75. h8Q Nxf3 76. Qc3+ Bd3 77. Qa1 Ke2 78. Qa2 a4 79. Qe6+ Be4 80. Qc4+ Ke1 81. Qb4 Ke2 82. Qc4+ Ke3 83. Qxa4 Nd4 84. Qa3+ Ke2 85. Qa2 Ke1 86. Qa5 Ne2+ 87. Kh2 Nxf4 88. Qc3 Ne2 89. Qb4 f4 90. Qa5 f3 91. Qb4 f2 92. Qa5 f1R 93. Kh3 Rf5 94. Qb4 Rf4 95. Qa5 Bf5+ 96. Kh2 Rf2+ 97. Kh1 Be4# 0-1

[Event "CZE-chT2B 1819"]
[Site "Czech Republic"]
[Date "2019.02.10"]
[Round "8.2"]
[White "Sprenar, Petr"]
[Black "Vagner, Tomas"]
[Result "0-1"]
[WhiteElo "2231"]
[BlackElo "2182"]
[PlyCount "134"]
[EventDate "2018.10.14"]
[EventType "team-tourn"]
[EventRounds "11"]
[EventCountry "CZE"]
[SourceTitle "EXT 2022"]
[Source "ChessBase"]
[SourceDate "2021.10.06"]
[SourceVersion "1"]
[SourceVersionDate "2021.10.06"]
[SourceQuality "1"]
[WhiteTeam "Karlovy Vary Tietz"]
[BlackTeam "Most Chess"]
[WhiteTeamCountry "CZE"]
[BlackTeamCountry "CZE"]

1. d4 g6 2. g3 Bg7 3. Bg2 d5 4. Nf3 Nf6 5. 0-0 0-0 6. c4 c6 7. cxd5 cxd5 8. Ne5 Nc6 9. Nc3 e6 10. f4 Nd7 11. e3 f5 12. b3 Ndxe5 13. dxe5 a6 14. Qd2 Rf7 15. Ba3 b5 16. Bd6 Bb7 17. Rac1 Rc8 18. Nxd5 exd5 19. Bxd5 Qe8 20. Rfd1 Nd8 21. Rxc8 Bxc8 22. Bxf7+ Nxf7 23. Qd5 h5 24. Rc1 Be6 25. Qc6 Nxd6 26. exd6 Bd7 27. Qd5+ Qf7 28. Qa8+ Bf8 29. Rc7 Qe6 30. Qa7 Qd5 31. Qd4 Qe6 32. Qa7 Qd5 33. Qd4 Qe6 34. Ra7 h4 35. Qe5 Kf7 36. Qd4 h3 37. Kf2 a5 38. Qc5 Bxd6 39. Qxb5 Ke8 40. Ra8+ Ke7 41. Ra7 Bb4 42. a3 Bd2 43. Qc5+ Qd6 44. Qxd6+ Kxd6 45. Ra8 Ke6 46. Rh8 Bc1 47. Ra8 Bd2 48. Rh8 Kd5 49. Rd8 Kc6 50. Ra8 Kb7 51. Rd8 Kc7 52. Ra8 Bc6 53. Rg8 Bc1 54. Rxg6 Bxa3 55. Rf6 Be4 56. g4 fxg4 57. Kg3 Bf3 58. e4 Bb4 59. Kf2 Bxe4 60. Re6 Bc2 61. Kg3 Bxb3 62. Re4 Bd1 63. f5 Bd6+ 64. Kh4 Bxh2 65. f6 Bd6 66. Rc4+ Kd7 67. Rd4 Bb3 0-1

[Event "CZE-chT2A 1718"]
[Site "Czech Republic"]
[Date "2017.10.15"]
[Round "1.3"]
[White "Vagner, Tomas"]
[Black "Istona, Martin"]
[Result "0-1"]
[WhiteElo "2192"]
[BlackElo "2240"]
[PlyCount "94"]
[EventDate "2017.10.15"]
[EventType "team-tourn"]
[EventRounds "11"]
[EventCountry "CZE"]
[SourceTitle "EXT 2022"]
[Source "ChessBase"]
[SourceDate "2021.10.06"]
[SourceVersion "1"]
[SourceVersionDate "2021.10.06"]
[SourceQuality "1"]
[WhiteTeam "Most Chess"]
[BlackTeam "Praha Vrsovice"]
[WhiteTeamCountry "CZE"]
[BlackTeamCountry "CZE"]

1. g3 g6 2. Bg2 Bg7 3. c4 Nf6 4. Nf3 0-0 5. 0-0 d6 6. d4 Nbd7 7. Nc3 e5 8. dxe5 dxe5 9. Qc2 c6 10. Rd1 Qe7 11. b3 Re8 12. a4 a5 13. Ba3 Nc5 14. e4 Bg4 15. h3 Bxf3 16. Bxf3 Bf8 17. h4 h5 18. Rab1 Rad8 19. Kg2 Qc7 20. Rxd8 Rxd8 21. Rd1 Rxd1 22. Bxd1 Ne6 23. Bxf8 Kxf8 24. Qd2 Kg7 25. Qe3 Nd7 26. Ne2 Qd6 27. Bc2 Qc5 28. Qxc5 Ndxc5 29. f4 Nd4 30. Nxd4 exd4 31. Kf3 f6 32. f5 Nd7 33. fxg6 Ne5+ 34. Ke2 Kxg6 35. c5 Kf7 36. Kd2 Ke6 37. Bd1 Nd7 38. Bxh5 Nxc5 39. Bg6 Ke7 40. h5 Kf8 41. h6 Nxb3+ 42. Kd3 b5 43. axb5 cxb5 44. g4 a4 45. e5 fxe5 46. Kc2 Nc5 47. Be8 d3+ 0-1

[Event "CZE-chT2B 1516"]
[Site "Czech Republic"]
[Date "2016.02.07"]
[Round "7.2"]
[White "Krivanek, Vladimir"]
[Black "Vagner, Tomas"]
[Result "1/2-1/2"]
[WhiteElo "2092"]
[BlackElo "2208"]
[PlyCount "64"]
[EventDate "2015.10.18"]
[EventType "team-tourn"]
[EventRounds "11"]
[EventCountry "CZE"]
[SourceTitle "EXT 2022"]
[Source "ChessBase"]
[SourceDate "2021.10.06"]
[SourceVersion "1"]
[SourceVersionDate "2021.10.06"]
[SourceQuality "1"]
[WhiteTeam "Bakov nad Jizerou"]
[BlackTeam "Most Chess"]
[WhiteTeamCountry "CZE"]
[BlackTeamCountry "CZE"]

1. d4 d5 2. Nc3 Nf6 3. Bg5 h6 4. Bxf6 exf6 5. e3 c6 6. Bd3 Bd6 7. Nf3 0-0 8. h4 f5 9. h5 f4 10. e4 Re8 11. Kf1 Bb4 12. e5 c5 13. a3 cxd4 14. Nb5 Bc5 15. b4 a6 16. bxc5 axb5 17. Bxb5 Bd7 18. Bxd7 Qxd7 19. Rh4 Nc6 20. Rxf4 Nxe5 21. Rxd4 Qb5+ 22. Kg1 Nxf3+ 23. Qxf3 Qb2 24. Qd1 Re1+ 25. Qxe1 Qxd4 26. Rb1 Qxc5 27. Rxb7 Qxc2 28. Qe5 Qc6 29. Rb8+ Rxb8 30. Qxb8+ Kh7 31. Qb1+ g6 32. hxg6+ fxg6 1/2-1/2

[Event "CZE-chT2B 1516"]
[Site "Czech Republic"]
[Date "2016.01.10"]
[Round "5.3"]
[White "Vagner, Tomas"]
[Black "Jacek, Martin"]
[Result "1/2-1/2"]
[WhiteElo "2208"]
[BlackElo "2150"]
[PlyCount "35"]
[EventDate "2015.10.18"]
[EventType "team-tourn"]
[EventRounds "11"]
[EventCountry "CZE"]
[SourceTitle "EXT 2022"]
[Source "ChessBase"]
[SourceDate "2021.10.06"]
[SourceVersion "1"]
[SourceVersionDate "2021.10.06"]
[SourceQuality "1"]
[WhiteTeam "Most Chess"]
[BlackTeam "Mlada Boleslav"]
[WhiteTeamCountry "CZE"]
[BlackTeamCountry "CZE"]

1. e4 d5 2. exd5 Qxd5 3. Nc3 Qd6 4. Nf3 Nf6 5. d4 c6 6. Be2 Bg4 7. 0-0 Nbd7 8. h3 Bxf3 9. Bxf3 g6 10. g3 Bg7 11. Bf4 Qb4 12. Qd2 0-0 13. Rfe1 e6 14. a3 Qb6 15. Na4 Qa6 16. Nc5 Nxc5 17. dxc5 Rfd8 18. Qb4 1/2-1/2

[Event "CZE-chT2B 1516"]
[Site "Czech Republic"]
[Date "2015.11.08"]
[Round "2.3"]
[White "Vagner, Tomas"]
[Black "Kuchar, Tomas"]
[Result "1/2-1/2"]
[WhiteElo "2208"]
[BlackElo "1979"]
[PlyCount "77"]
[EventDate "2015.10.18"]
[EventType "team-tourn"]
[EventRounds "11"]
[EventCountry "CZE"]
[SourceTitle "EXT 2022"]
[Source "ChessBase"]
[SourceDate "2021.10.06"]
[SourceVersion "1"]
[SourceVersionDate "2021.10.06"]
[SourceQuality "1"]
[WhiteTeam "Most Chess"]
[BlackTeam "Jicin III"]
[WhiteTeamCountry "CZE"]
[BlackTeamCountry "CZE"]

1. g3 d5 2. Bg2 Nf6 3. Nf3 g6 4. 0-0 Bg7 5. c4 c6 6. d4 Bf5 7. Nc3 dxc4 8. Ne5 Ng4 9. e4 Nxe5 10. exf5 Nd3 11. fxg6 hxg6 12. d5 0-0 13. Qg4 Bxc3 14. dxc6 Nxc6 15. bxc3 Nxc1 16. Raxc1 Ne5 17. Qe4 Qc7 18. Rb1 Rab8 19. Rfe1 Nd3 20. Qxe7 Rfc8 21. Re4 Kg7 22. a4 a6 23. Re6 Qxe7 24. Rxe7 b5 25. Bd5 b4 26. Rxf7+ Kh6 27. cxb4 c3 28. Bb3 Rxb4 29. Bc2 Rxb1+ 30. Bxb1 c2 31. Bxc2 Rxc2 32. f4 Ra2 33. Rd7 Nc5 34. Rd6 Kg7 35. Rc6 Rc2 36. a5 Rc1+ 37. Kg2 Nb3 38. Rxa6 Ra1 39. h4 1/2-1/2

[Event "CZE-chT2B 1415"]
[Site "Czech Republic"]
[Date "2015.02.22"]
[Round "8.2"]
[White "Vagner, Tomas"]
[Black "Schula, Michal"]
[Result "0-1"]
[WhiteElo "2271"]
[BlackElo "2263"]
[PlyCount "82"]
[EventDate "2014.11.02"]
[EventType "team-tourn"]
[EventRounds "11"]
[EventCountry "CZE"]
[SourceTitle "EXT 2022"]
[Source "ChessBase"]
[SourceDate "2021.10.06"]
[SourceVersion "1"]
[SourceVersionDate "2021.10.06"]
[SourceQuality "1"]
[WhiteTeam "Most Chess"]
[BlackTeam "Jicin III"]
[WhiteTeamCountry "CZE"]
[BlackTeamCountry "CZE"]

1. g3 f5 2. Bg2 Nf6 3. Nf3 g6 4. 0-0 Bg7 5. c4 d6 6. d4 0-0 7. Nc3 Qe8 8. Qb3 Na6 9. Nd5 c6 10. Nxf6+ Rxf6 11. Bf4 h6 12. h4 Nc7 13. Rfe1 Ne6 14. Bd2 Rf8 15. Bc3 Qf7 16. e3 Rb8 17. Qa3 a6 18. d5 cxd5 19. cxd5 Nc5 20. Bxg7 Kxg7 21. Qc3+ Qf6 22. Nd4 Bd7 23. b4 Ne4 24. Qc7 Rfd8 25. Rac1 Qe5 26. Qa5 Rdc8 27. f4 Qf6 28. Bxe4 fxe4 29. Rxc8 Rxc8 30. Qb6 Rc3 31. Qd8 Bg4 32. h5 Rc8 33. Qb6 gxh5 34. Qxb7 h4 35. Kh2 hxg3+ 36. Kxg3 h5 37. Rg1 Kf7 38. Rh1 Rc3 39. Kf2 Ra3 40. Qb8 Rxa2+ 41. Kg3 Qg6 0-1

[Event "CZE-chT2B 1314"]
[Site "Czech Republic"]
[Date "2014.02.02"]
[Round "7.2"]
[White "Vagner, Tomas"]
[Black "Kucera, Petr3333"]
[Result "0-1"]
[WhiteElo "2316"]
[BlackElo "2224"]
[PlyCount "87"]
[EventDate "2013.11.03"]
[EventType "team-tourn"]
[EventRounds "11"]
[EventCountry "CZE"]
[SourceTitle "EXT 2015"]
[Source "ChessBase"]
[SourceDate "2014.11.20"]
[SourceVersion "1"]
[SourceVersionDate "2014.11.20"]
[SourceQuality "1"]
[WhiteTeam "Most Chess"]
[BlackTeam "Liberec Desko"]
[WhiteTeamCountry "CZE"]
[BlackTeamCountry "CZE"]

1. g3 d5 2. Bg2 Nf6 3. Nf3 c6 4. 0-0 g6 5. d4 Bg7 6. Bf4 Qb6 7. Qc1 Nh5 8. Be5 f6 9. Bxb8 Rxb8 10. c4 0-0 11. cxd5 cxd5 12. Nc3 Rd8 13. e3 Bh6 14. Nd2 Be6 15. Na4 Qd6 16. Nb3 Ng7 17. Qc5 Qd7 18. Qb4 b6 19. Rfc1 Ne8 20. Rc3 Bf8 21. Bf1 a5 22. Qa3 Bf7 23. Nxb6 Rxb6 24. Qxa5 Rdb8 25. Nc5 Qd8 26. Rc2 Nd6 27. Na6 Ra8 28. b4 Nc4 29. Bxc4 dxc4 30. b5 Bd5 31. a4 Qd6 32. Qc3 Rc8 33. Nc5 f5 34. f3 Bg7 35. Qb4 Rcb8 36. Kf2 h5 37. Rxc4 Bxc4 38. Qxc4+ Kh7 39. Rb1 e5 40. a5 Rc6 41. Qa2 exd4 42. bxc6 dxe3+ 43. Ke2 Rxb1 44. Qxb1 0-1